Statistiques concernant Pays de la Coupe du monde 2018

Cliquez ici pour prendre le quiz!

Statistiques générales

  • Ce quiz a été pris 49 406 fois
  • Le résultat moyen est 24 sur 32

Statistiques - réponses

Pays% Correct
France
100%
Espagne
96%
Argentine
95%
Portugal
94%
Brésil
93%
Allemagne
92%
Russie
92%
Belgique
90%
Angleterre
89%
Croatie
87%
Japon
87%
Australie
86%
Maroc
85%
Danemark
82%
Uruguay
79%
Mexique
77%
Suède
77%
Suisse
76%
Corée du Sud
74%
Pérou
73%
Colombie
69%
Sénégal
68%
Pologne
66%
Tunisie
64%
Egypte
62%
Arabie Saoudite
58%
Nigeria
57%
Iran
56%
Islande
53%
Serbie
47%
Costa Rica
46%
Panama
44%

Distribution des résultats

Percentile par nombre de réponses

% des personnes avec chaque résultat

Votre développement - résultats

Vous n’avez pas pris ce quiz